Viaje a Australia, Nueva Zelanda y Malasia

Zapisane w:
Opis bibliograficzny
1. autor: Durrell, Gerald (Autor)
Format: Książka
Język:hiszpański
Wydane: Madrid Alianza 1986
Hasła przedmiotowe:
Etykiety: Dodaj etykietę
Nie ma etykietki, Dołącz pierwszą etykiete!

MARC

LEADER 00000nam a2200000 a 4500
001 UCV7616
003 CL-VaPUC
008 881219e19860000SP |||||||||||||||||spa|d
082 0 4 |a 508.3  |b DUR  |2 21 
100 0 |a Durrell, Gerald  |e author  |9 301751 
245 1 0 |a Viaje a Australia, Nueva Zelanda y Malasia 
300 |a 231 p 
942 |c BK 
945 |d 19881219 00:00:00 
260 |a Madrid  |b Alianza  |c 1986 
650 0 |a Expediciones científicas  |9 265222 
650 0 |a Viajes  |9 257115 
583 |a last modification  |c 19881219 00:00:00  |k Rodrigo Vera 
999 |c 213263  |d 213261 
952 |0 0  |1 0  |4 0  |6 508_300000000000000_DUR_1986  |7 0  |8 P  |9 195473  |a BIBARQ  |b BIBARQ  |d 2019-11-14  |i 2635224  |o 508.3 DUR 1986  |p 2635224  |r 2025-01-20  |w 2019-11-14  |y BK  |k ARQ